Clicca sul Paese del Regno Unito - Statistics

Statistiche generali
  • Questo quiz è stato fatto 60 volte
  • Il punteggio medio è 12 su 20
Statistiche sulle risposte
Hint Risposta % Corretto
Il fiume più lungo è il Tamigi Inghilterra
97%
La capitale è Cardiff Galles
95%
La capitale è Londra Inghilterra
95%
La capitale è Edimburgo Scozia
92%
Il Parlamento si trova nel Palazzo di Westminster sin dal XIII secolo Inghilterra
90%
Il mostro di Loch Ness è una delle sue leggende più famose Scozia
87%
Stonehenge si trova in una sua contea Inghilterra
79%
La capitale è Belfast Irlanda del Nord
79%
Il simbolo nazionale è un drago rosso Galles
74%
Il tartan è spesso legato ai suoi clan storici Scozia
67%
Ha un villaggio chiamato Llanfairpwllgwyngyll Galles
59%
Il fiume Lagan attraversa la sua capitale Irlanda del Nord
54%
Il piatto tipico "haggis" è fatto con interiora di pecora Scozia
49%
La Giant's Causeway è una famosa strada costiera qui Irlanda del Nord
46%
Il Titanic fu costruito nei suoi cantieri navali Irlanda del Nord
36%
Il fiume Clyde attraversa la sua città più grande Scozia
33%
Il calcio gaelico e l'hurling sono sport tradizionali praticati qui Irlanda del Nord
31%
Ha due lingue ufficiali Galles
28%
Il Monte Snowdon è la montagna più alta del paese Galles
23%
Il nome di questo paese deriva da un antico popolo germanico Inghilterra
18%
Nessun quiz corrispondente trovato
Distribuzione punteggi
Percentuale di utenti per punteggio
Percentile per numero di risposta
I tuoi punteggi nel tempo
Non hai fatto questo quiz